| 000 | 00485nam a22001697a 4500 | ||
|---|---|---|---|
| 005 | 20250723130041.0 | ||
| 008 | 250723b |||||||| |||| 00| 0 eng d | ||
| 020 | _a9780409032727 | ||
| 041 | _aEnglish | ||
| 082 | _a345.5 HIE | ||
| 100 | _lEnglish | ||
| 245 |
_aHiemstra's Criminal Procedure / _cA Kruger |
||
| 260 |
_aDurban: _bLexisNexis Pty (Ltd), _c2008 |
||
| 300 |
_bviii, 112 pages; _c26 cm. |
||
| 650 |
_aLegal practice _bLaw |
||
| 942 |
_cBK _6ALISON_BN_VRIES |
||
| 999 |
_c3312 _d3312 |
||